000 00708nam a22002177a 4500
003 UA-OsUOA
001 102940
007 ta
008 20131007b un ||||| |||| 00| 0 ukr d
100 _aЮшко С.В.
090 _a330(477)
_bЮ96
942 _cSA
040 _aUA-OsUOA
_bukr
_cUA-OsUOA
_dUA-OsUOA
245 _aНавантаження на фонд оплати праці суб'єктів господпрювання як чинник тінізації доходів громадян
300 _aС.32-46
955 _a0
041 _aukr
080 _a330(477)
773 0 _w102937
_tФінанси України
_dК.
_d2013
_g2
650 7 _a330 Економіка взагалі
_2UDC
999 _c389089
_d389089